And then there were none : the demise of desert bighorn sheep in the Pusch Ridge Wilderness /

Bibliographic Details
Main Author: Krausman, Paul R., 1946- (Author)
Corporate Author: EBSCOhost
Format: eBook
Language:English
Published: Albuquerque : University of New Mexico Press, 2017.
Subjects:
Online Access:Connect to the full text of this electronic book

MARC

Tag First Indicator Second Indicator Subfields
LEADER 00000cam a2200000 i 4500
001 in00004023708
005 20191219080849.0
006 m o d
007 cr |||||||||||
008 160811s2017 nmua ob s001 0 eng
010 |a  2016037391 
020 |a 9780826357861  |q electronic book 
020 |a 0826357865  |q electronic book 
020 |z 9780826357854  |q hardcover  |q alkaline paper 
024 8 |a 99977847798 
035 |a (DLC)ybp13318865 
040 |a NhCcYBP  |c NhCcYBP  |d UtOrBLW 
042 |a pcc 
043 |a n-us-az 
050 4 |a QL737.U53  |b K73 2017 
072 7 |a NAT  |x 019000  |2 bisacsh 
072 7 |a SCI  |x 070030  |2 bisacsh 
082 0 0 |a 599.64909791  |2 23 
100 1 |a Krausman, Paul R.,  |d 1946-  |e author.  |0 http://id.loc.gov/authorities/names/n80071118 
245 1 0 |a And then there were none :  |b the demise of desert bighorn sheep in the Pusch Ridge Wilderness /  |c Paul R. Krausman ; foreword by William W. Shaw ; illustrations by Bethann Garramon Merkle. 
264 1 |a Albuquerque :  |b University of New Mexico Press,  |c 2017. 
300 |a 1 online resource. 
336 |a text  |b txt  |2 rdacontent 
337 |a computer  |b n  |2 rdamedia 
338 |a online resource  |b cr  |2 rdacarrier 
504 |a Includes bibliographical references and index. 
505 0 |a Santa Catalina Mountain study area -- Desert bighorn sheep : description, life history characteristics, and taxonomy -- The desert bighorn sheep of Pusch Ridge Wilderness -- Human intervention and management -- The future of bighorn sheep in the Santa Catalina Mountains. 
588 |a Description based on online resource; title from digital title page (viewed on February 01, 2017). 
500 |a Electronic resource. 
650 0 |a Desert bighorn sheep  |z Arizona  |z Pusch Ridge Wilderness  |x History. 
650 0 |a Desert bighorn sheep  |x Reintroduction  |z Arizona  |z Pusch Ridge Wilderness. 
655 7 |a Electronic books.  |2 local 
710 2 |a EBSCOhost. 
776 1 8 |i Print version:  |a Krausman, Paul R., 1946- , author.  |t And then there were none  |d Albuquerque : University of New Mexico Press, 2017  |z 9780826357854  |w (DLC) 2016013583 
856 4 0 |u http://proxy.library.tamu.edu/login?url=http://search.ebscohost.com/login.aspx?direct=true&scope=site&db=nlebk&db=nlabk&AN=1423307  |z Connect to the full text of this electronic book  |t 0 
955 |a YBP purchased EBSCO DDA e-records 
999 f f |s 656bd269-40fa-35a1-a1a6-fa5d39d7b194  |i 860d6228-c3b7-379a-9341-42b3a6b662ba  |t 0 
952 f f |a Texas A&M University  |b College Station  |c Electronic Resources  |d Available Online  |t 0  |e QL737.U53 K73 2017  |h Library of Congress classification 
998 f f |a QL737.U53 K73 2017  |t 0  |l Available Online